[Event "8th LGA Premium Cup"]
[Site "Nuernberg GER"]
[Date "2011.09.09"]
[Round "3.25"]
[White "Eisenbeiser,A"]
[Black "Lorscheid,G"]
[Result "1/2-1/2"]
[WhiteElo "2419"]
[BlackElo "2277"]

1.e4 d6 2.d4 Nf6 3.Nc3 e5 4.Nge2 Be7 5.g3 Bg4 6.Bg2 exd4 7.Qxd4 Nc6 8.Qa4 O-O
9.O-O a6 10.Nd4 Bd7 11.Nxc6 Bxc6 12.Qd4 b5 13.Re1 Qb8 14.Qd3 Bb7 15.h3 c6
16.f4 Qc7 17.Be3 Nd7 18.Rad1 Nb6 19.b3 Rad8 20.a4 b4 21.Ne2 c5 22.c4 bxc3
23.Nxc3 Rb8 24.Rc1 Bf6 25.Nd1 Rfe8 26.Nf2 Bc8 27.Red1 Be7 28.Qc2 Nd7 29.Nd3 Qa5
30.Rb1 Bf8 31.Nb2 Qc7 32.Bf2 Nf6 33.Re1 Bb7 34.Nc4 d5 35.exd5 Nxd5 36.Rxe8 Rxe8
37.Qd2 Nf6 38.Qa5 Qxa5 39.Nxa5 Bxg2 40.Kxg2 Ne4 41.Rd1 Rb8 42.Rd3 f5 43.Kf3 g6
44.Be1 c4 45.bxc4 Rb1 46.Bc3 Rf1+  1/2-1/2

[Event "TCh-MNE 2nd League"]
[Site "Andrijevica MNE"]
[Date "2011.09.10"]
[Round "3"]
[White "Babovic,B"]
[Black "Drcelic,S"]
[Result "0-1"]
[WhiteElo "2048"]
[BlackElo "2235"]

1.e4 d6 2.d4 Nf6 3.Nc3 c6 4.f4 Qa5 5.Bd3 e5 6.dxe5 dxe5 7.Nf3 exf4 8.Bxf4 Bc5
9.Qd2 Ng4 10.Rf1 b5 11.h3 b4 12.hxg4 bxc3 13.bxc3 Bxg4 14.Bxb8 Rxb8 15.Qf4 Qxc3+
16.Ke2 Bxf3+ 17.Rxf3 O-O 18.Rh1 Rb2 19.Rg3 g6 20.Rc1 Qd4 21.Rh1 Re8 22.Rxh7 Qf2+
23.Qxf2 Bxf2 24.Rgh3 Bd4 25.Bc4 Bg7 26.Bd3 c5 27.R7h4 c4 28.Bxc4 Rxc2+  0-1

[Event "8th LGA Premium Cup"]
[Site "Nuernberg GER"]
[Date "2011.09.10"]
[Round "4.68"]
[White "Lais,T"]
[Black "Krauss,Jo"]
[Result "0-1"]
[WhiteElo "1961"]
[BlackElo "2160"]

1.e4 d6 2.d4 Nf6 3.Nc3 Nbd7 4.f4 e5 5.Nf3 exd4 6.Qxd4 c6 7.Be3 d5 8.exd5 Bc5
9.Qd3 Qe7 10.dxc6 bxc6 11.Kd2 Ba6 12.Bxc5 Nxc5 13.Qe3 O-O-O+ 14.Bd3 Qxe3+
15.Kxe3 Rhe8+ 16.Kd2 Bxd3 17.cxd3 Nxd3 18.Kc2 Nxf4 19.g3 N4d5 20.Nxd5 Nxd5
21.Rhe1 Ne3+ 22.Kc3 Re4 23.Nd2 Nd5+ 24.Kb3 Rb4+ 25.Kc2 Rb7 26.a3 Kc7 27.Nc4 Rdb8
28.Rad1 Rb3 29.Rd3 Rxd3 30.Kxd3 Rd8 31.Kc2 f6 32.Ne3 Kd7 33.Nxd5 cxd5 34.Kd3 Kd6
35.b4 Rc8 36.Kd2 f5 37.Kd3 g5 38.Rf1 Rf8 39.Kd4 f4 40.b5 fxg3  0-1

[Event "8th LGA Premium Cup"]
[Site "Nuernberg GER"]
[Date "2011.09.10"]
[Round "4.76"]
[White "Hirschberg,L"]
[Black "Krah,M"]
[Result "0-1"]
[WhiteElo "1707"]
[BlackElo "2088"]

1.e4 d6 2.d4 Nf6 3.Nc3 e5 4.dxe5 dxe5 5.Qxd8+ Kxd8 6.Bg5 Be6 7.O-O-O+ Nd7
8.Nf3 Kc8 9.Bxf6 gxf6 10.Nd2 Nb6 11.Nb3 a5 12.a3 a4 13.Nd2 Bh6 14.Kb1 Rg8
15.f3 f5 16.g3 fxe4 17.Ndxe4 Ra5 18.Nf6 Rg6 19.Nxh7 Bg7 20.Bd3 e4 21.Nxe4 f5
22.Neg5 Bd7 23.g4 Nd5 24.Rhe1 Rb6 25.Bxf5 Bxf5  0-1

[Event "WGM Pancevo"]
[Site "Pancevo SRB"]
[Date "2011.09.10"]
[Round "2.1"]
[White "Eric,J"]
[Black "Djukic,Sa"]
[Result "1/2-1/2"]
[WhiteElo "2245"]
[BlackElo "2212"]

1.e4 d6 2.d4 Nf6 3.Nc3 e5 4.Nf3 Nbd7 5.Bc4 Be7 6.O-O O-O 7.Re1 c6 8.a4 b6
9.d5 cxd5 10.Nxd5 Nxd5 11.Bxd5 Rb8 12.Nd2 Nf6 13.Nf1 Nxd5 14.Qxd5 Be6 15.Qd3 f5
16.exf5 Bxf5 17.Qd5+ Kh8 18.Ne3 Bg6 19.c4 Rf4 20.b3 Qf8 21.Ra2 Rd4 22.Qe6 Rd8
23.Rd2 Bg5  1/2-1/2

[Event "ch-Nordic Senior"]
[Site "Reykjavik ISL"]
[Date "2011.09.10"]
[Round "1.13"]
[White "Kristjansson,O"]
[Black "Zachariassen,J"]
[Result "1-0"]
[WhiteElo "2173"]
[BlackElo "1923"]

1.e4 d6 2.d4 Nf6 3.Nc3 Nbd7 4.f4 e5 5.Nf3 Be7 6.dxe5 dxe5 7.Nxe5 O-O 8.Nxd7 Bxd7
9.e5 Ng4 10.Be2 Bc5 11.Ne4 Ne3 12.Bxe3 Bxe3 13.g3 Qe7 14.Bd3 Bc6 15.Qf3 Qb4+
16.Ke2 Bxe4 17.Qxe4 Qd2+ 18.Kf3 Qf2+ 19.Kg4 f5+ 20.exf6 h5+ 21.Kxh5 Rxf6
22.Qh7+ Kf8 23.Qh8+ Ke7 24.Qxg7+ Rf7 25.Qe5+ Kf8 26.Raf1 Bd4 27.Rxf2 Bxe5
28.b3 Bd4 29.Re2 Rg7 30.g4  1-0

[Event "ch-Euro Youth b16"]
[Site "Albena BUL"]
[Date "2011.09.11"]
[Round "1.28"]
[White "Swijsen,L"]
[Black "Ostovic,M"]
[Result "1/2-1/2"]
[WhiteElo "1993"]
[BlackElo "2293"]

1.e4 d6 2.d4 Nf6 3.Nc3 e5 4.dxe5 dxe5 5.Qxd8+ Kxd8 6.Bg5 Be6 7.O-O-O+ Nd7
8.Nd5 Bxd5 9.exd5 h6 10.Bxf6+ Nxf6 11.f3 Bc5 12.Bd3 Ke7 13.c4 Bxg1 14.Rhxg1 Kd6
15.Kc2 a5 16.h4 h5 17.Rd2 Nd7 18.Kc3 g6 19.f4 Rae8 20.fxe5+ Rxe5 21.Rf1 f5
22.Rf3 Nf6 23.Rg3 Ng4 24.Kd4 b6 25.Be2 Rhe8 26.Bxg4 hxg4 27.a3 Re1 28.b3 R8e4+
29.Kc3 R1e3+ 30.Rd3 Rxg3 31.Rxg3 Ke5 32.b4 axb4+ 33.axb4 Re2 34.Kd3 Re1 35.Kd2 Rb1
36.Kc3 Rc1+ 37.Kd3 Rd1+ 38.Kc2 Rg1 39.Kc3 Kf4 40.Rd3 Rxg2 41.d6 cxd6 42.Rxd6 Rh2
43.Rxb6 Rxh4 44.Rxg6 Ke3 45.b5 f4 46.b6 f3 47.b7 Rh8 48.c5  1/2-1/2

[Event "8th LGA Premium Cup"]
[Site "Nuernberg GER"]
[Date "2011.09.11"]
[Round "6.28"]
[White "Hirn,O"]
[Black "Nuding,M"]
[Result "0-1"]
[WhiteElo "2265"]
[BlackElo "2138"]

1.d4 d6 2.e4 Nf6 3.Nc3 e5 4.Nf3 Nbd7 5.Bc4 Be7 6.O-O O-O 7.Bg5 c6 8.a4 a5
9.dxe5 dxe5 10.Qe2 Qc7 11.Rad1 Nc5 12.h3 Be6 13.Bh4 Bxc4 14.Qxc4 Nh5 15.Bg5 b6
16.Be3 g6 17.Rd2 Rad8 18.Rfd1 Rxd2 19.Rxd2 Ng7 20.Ng5 Nge6 21.Nxe6 Nxe6 22.Kf1 Bc5
23.Bxc5 Nxc5 24.Qe2 Rd8 25.Qd1 Rxd2 26.Qxd2 Qd7 27.Ke2 Qd4 28.b3 Kg7 29.Qxd4 exd4
30.Nd1 d3+ 31.cxd3 Nxb3 32.Nb2 b5 33.Ke3 Nc5 34.axb5 cxb5 35.d4 Nb3 36.Kd3 a4
37.Kc3 Nxd4 38.Kb4 Nc2+ 39.Kc3 a3  0-1

[Event "8th LGA Premium Cup"]
[Site "Nuernberg GER"]
[Date "2011.09.11"]
[Round "7.47"]
[White "Zikeli,S"]
[Black "Lorscheid,G"]
[Result "1/2-1/2"]
[WhiteElo "2082"]
[BlackElo "2277"]

1.e4 d6 2.d4 Nf6 3.Nc3 e5 4.dxe5 dxe5 5.Qxd8+ Kxd8 6.Bg5 c6 7.O-O-O+ Ke8
8.Bc4 Be7 9.f3 Nbd7 10.Nge2 b5 11.Bb3 Nc5 12.Be3 Nfd7 13.Ng3 a5 14.a4 b4
15.Nb1 Nxb3+ 16.cxb3 Bc5 17.Nf5 Bxe3+ 18.Nxe3 Nc5 19.Kc2 Ne6 20.Nf5 Ba6 21.Nd2 Rd8
22.Nc4 Rxd1 23.Rxd1 Bxc4 24.Nd6+ Ke7  1/2-1/2

[Event "Kings vs Queens Rapid"]
[Site "Saint Louis USA"]
[Date "2011.09.11"]
[Round "2"]
[White "Cao,K"]
[Black "Krush,I"]
[Result "1/2-1/2"]
[WhiteElo "2120"]
[BlackElo "2472"]

1.e4 d6 2.d4 Nf6 3.Nc3 Nbd7 4.Nf3 e5 5.h3 Be7 6.Be3 c6 7.Bd3 b5 8.a4 b4 9.Ne2 O-O
10.c3 d5 11.Nxe5 Nxe5 12.dxe5 Nxe4 13.Bxe4 dxe4 14.Qxd8 Rxd8 15.Ng3 bxc3
16.bxc3 Ba6 17.Nxe4 Rab8 18.Nd2 Rd5 19.c4 Rxe5 20.O-O Rd8 21.Nf3 Re4 22.Bxa7 Bxc4
23.Rfe1 Rxe1+ 24.Rxe1 Bf6 25.Bb6 Ra8 26.a5 g6 27.Ne5 Bb5 28.Nd7 Bb2 29.Re3 h5
30.Rb3 Bg7 31.Re3 Kh7 32.Re7 Kg8 33.Re3 Ba1 34.Ra3 Bb2 35.Rb3 Ba1 36.Ra3 Bb2  1/2-1/2

[Event "ch-Euro Youth b16"]
[Site "Albena BUL"]
[Date "2011.09.12"]
[Round "2.8"]
[White "Apresyan,Z"]
[Black "Indjic,A"]
[Result "0-1"]
[WhiteElo "2185"]
[BlackElo "2391"]

1.e4 d6 2.d4 Nf6 3.Nc3 e5 4.dxe5 dxe5 5.Qxd8+ Kxd8 6.Nf3 Bd6 7.Bc4 Ke8 8.Bg5 Nbd7
9.O-O-O a6 10.a4 h6 11.Bh4 g6 12.Nd2 Kf8 13.f3 Kg7 14.Bb3 Re8 15.Nc4 Bb4
16.Nd5 Nxd5 17.Rxd5 b5 18.Ne3 c6 19.Rdd1 Nc5 20.Be1 Nxb3+ 21.cxb3 Be7 22.a5 Be6
23.Kc2 Bc5 24.Nf1 Rac8 25.Bc3 f6 26.Ng3 h5 27.Ne2 Be7 28.Rhe1 b4 29.Bd2 c5
30.Be3 Rc6 31.Nc1 Rb8 32.h3 Rb5 33.f4 c4 34.fxe5 cxb3+ 35.Kb1 Rxe5 36.Bd4 Rxa5
37.Nd3 g5 38.Rc1 Bc4 39.Nf2 Bd6  0-1

[Event "US Chess League 2011"]
[Site "ICC INT"]
[Date "2011.09.12"]
[Round "3"]
[White "Bournival,B"]
[Black "Adithya,B"]
[Result "1-0"]
[WhiteElo "2320"]
[BlackElo "2207"]

1.e4 d6 2.d4 Nf6 3.Nc3 Nbd7 4.Nf3 e5 5.Bc4 Be7 6.O-O O-O 7.Re1 c6 8.a4 b6
9.Bg5 a6 10.d5 c5 11.Bf1 Kh8 12.Bc1 Ng8 13.Nd2 g6 14.Nc4 Rb8 15.Ra3 b5 16.axb5 axb5
17.Na5 b4 18.Nc6 Qb6 19.Nxb8 bxa3 20.Nxd7 Bxd7 21.bxa3 Qa5 22.Nb1 Rb8 23.Nd2 Qa4
24.Re3 Bg5 25.Rb3 Rxb3 26.cxb3 Qd4 27.Qc2 Bxd2 28.Bb2 Ba5 29.Bxd4 exd4 30.Qc4 Nf6
31.Qa6 Be1 32.Qxd6 Bxf2+ 33.Kh1 Kg7 34.e5  1-0

[Event "ch-Euro Youth b18"]
[Site "Albena BUL"]
[Date "2011.09.13"]
[Round "3.3"]
[White "Kurayan,R"]
[Black "Arribas Lopez,A"]
[Result "0-1"]
[WhiteElo "2357"]
[BlackElo "2440"]

1.e4 d6 2.d4 Nf6 3.Nc3 e5 4.dxe5 dxe5 5.Qxd8+ Kxd8 6.Bg5 Bd6 7.O-O-O Nd7
8.Nf3 Ke8 9.Nb5 Ke7 10.Nd2 h6 11.Be3 a6 12.Nxd6 cxd6 13.f3 b5 14.Nb3 Nb8
15.Na5 Be6 16.Be2 Rc8 17.Kb1 Nc6 18.Nxc6+ Rxc6 19.Bd3 Bc4 20.g4 Ke6 21.h4 Ng8
22.b3 Bxd3 23.cxd3 Rc3 24.Kb2 Rac8 25.Rc1 Rxc1 26.Rxc1 Rxc1 27.Kxc1 Ne7 28.h5 Nc6
29.a3 Kf6 30.Kc2 Nd4+ 31.Kc3 Nxf3 32.Kb4 Ke6 33.a4 d5 34.axb5 axb5 35.Kxb5 Ne1
36.Kc6 d4 37.Bd2 Nxd3 38.b4 Nf2 39.b5 Nxe4 40.b6 Nf6 41.b7 Nd7 42.Bxh6 gxh6
43.g5 d3 44.gxh6 d2 45.h7 d1=Q 46.h8=Q Qd5+ 47.Kc7 Qd6+ 48.Kc8 Nb6+  0-1

[Event "ch-Euro Youth b16"]
[Site "Albena BUL"]
[Date "2011.09.13"]
[Round "3.14"]
[White "Bernotas,A"]
[Black "Ostovic,M"]
[Result "1/2-1/2"]
[WhiteElo "2192"]
[BlackElo "2293"]

1.e4 d6 2.d4 Nf6 3.Nc3 e5 4.Nge2 Be7 5.g3 c6 6.a4 a5 7.Bg2 O-O 8.O-O Na6
9.h3 Nb4 10.Be3 exd4 11.Bxd4 d5 12.e5 Nd7 13.f4 Re8 14.g4 Bc5 15.Rf2 Bb6
16.Bxb6 Nxb6 17.Ng3 Nc4 18.Qd4 Nxb2 19.Nxd5 Nxa4 20.Rxa4 Nxd5 21.Rd2 b5 22.Ra1 a4
23.Ne4 Qa5 24.Nd6 Rd8 25.f5 a3 26.Bxd5 cxd5 27.Qxd5 Ra7 28.Rd3 Qb6+ 29.Qd4 Qxd4+
30.Rxd4 Ra5 31.Nxb5 Rxd4 32.Nxd4 Kf8 33.c3 a2 34.Nc6 Ra3 35.Nb4 Rxc3 36.Rxa2 Bb7
37.Kh2 Rb3 38.Na6 Rb5 39.e6 Bxa6 40.Rxa6 fxe6 41.Rxe6 Rb3 42.Kg2 Kf7 43.Ra6 Ke7
44.h4 h6 45.Kf2 Rb2+  1/2-1/2

[Event "TUR-IRI Friendship Match"]
[Site "Ankara TUR"]
[Date "2011.09.13"]
[Round "5"]
[White "Darini,P"]
[Black "Yilmaz,M"]
[Result "1/2-1/2"]
[WhiteElo "2470"]
[BlackElo "2505"]

1.e4 d6 2.d4 Nf6 3.Nc3 e5 4.Nf3 Nbd7 5.Bc4 Be7 6.O-O O-O 7.Re1 c6 8.a4 a5
9.h3 Nb6 10.Ba2 Nfd7 11.Be3 exd4 12.Qxd4 Nc5 13.Rad1 Be6 14.Bxe6 fxe6 15.e5 d5
16.Qg4 Nbd7 17.Bxc5 Nxc5 18.Nd4 Qd7 19.Nce2 Rae8 20.Nf4 Bd8 21.Re2 Qe7 22.g3 Qg5
23.b3 Rf7 24.Kg2 h6 25.f3 Bb6 26.c3 Bc7 27.Qh5 Bb8 28.Qxg5 hxg5 29.Nd3 Nd7
30.Nc2 Ba7 31.c4 Nf8 32.cxd5 cxd5 33.Na3 Rc8 34.Nb5 Bb8 35.Rc1 Rxc1 36.Nxc1 Nd7
37.Nd3 Rf8 38.f4 gxf4 39.gxf4 Rc8 40.Kf3 g6 41.h4 Kf7 42.Rh2 Nf8 43.h5 gxh5
44.Rxh5 Rc6 45.f5 exf5 46.Rxf5+ Ke8 47.Rh5 Kf7 48.Nf4 Rc1 49.Ke2 Rc2+ 50.Kd3 Rf2
51.Ke3 Rf1 52.Rf5+ Ke8 53.Ke2 Rb1 54.Nxd5 Rxb3 55.Rg5 Kf7 56.Rf5+ Ke8 57.Kd2 Rh3
58.Nd4 Ba7 59.Nc7+ Ke7 60.Nd5+ Ke8 61.Nb5 Bb8 62.Nd6+ Bxd6 63.exd6 Nd7 64.Nc7+ Kd8
65.Ne6+ Ke8 66.Rxa5 Nb6 67.Rc5 Kd7 68.Nd4 Kxd6 69.Rb5 Nc4+ 70.Ke2 b6 71.Nf5+ Kc7
72.Rb4 Na5 73.Ne3 Nc6  1/2-1/2

[Event "2nd Livigno Open A"]
[Site "Livigno ITA"]
[Date "2011.09.13"]
[Round "2.8"]
[White "Hunt,A"]
[Black "Janev,E"]
[Result "1-0"]
[WhiteElo "2437"]
[BlackElo "2511"]

1.e4 d6 2.d4 Nf6 3.Nc3 c6 4.Nf3 Bg4 5.h3 Bxf3 6.Qxf3 Nbd7 7.Be3 e5 8.O-O-O Be7
9.g4 h6 10.dxe5 dxe5 11.h4 Nh7 12.g5 Qc7 13.Bc4 Rf8 14.gxh6 g6 15.h5 O-O-O
16.hxg6 fxg6 17.Qg4 Rf6 18.Be6 Bd6 19.Bxa7 Rf4 20.Qxg6 Nf8 21.Bxd7+ Rxd7
22.Qg8 Rff7 23.Be3 b5 24.Rd3 Kb7 25.Rhd1  1-0

[Event "2nd Livigno Open A"]
[Site "Livigno ITA"]
[Date "2011.09.13"]
[Round "2.14"]
[White "Godena,M"]
[Black "Scalcione,M"]
[Result "1-0"]
[WhiteElo "2527"]
[BlackElo "2337"]

1.e4 d6 2.d4 Nf6 3.Nc3 e5 4.Nf3 Nbd7 5.Bc4 Be7 6.O-O O-O 7.a4 c6 8.Re1 h6
9.a5 a6 10.Qd3 Nh7 11.Ne2 Ng5 12.c3 Nxf3+ 13.Qxf3 Bg5 14.b4 Bxc1 15.Raxc1 Nf6
16.dxe5 dxe5 17.Qe3 Qe7 18.Ng3 Ng4 19.Qb6 Be6 20.Bxe6 fxe6 21.Rc2 Rad8 22.h3 Nf6
23.Qe3 Rd6 24.Rd2 Rxd2 25.Qxd2 Rd8 26.Qe2 Qd6 27.Qc4 Kf7 28.Nf1 Qd3 29.Qc5 Qb5
30.Qxb5 cxb5 31.Ng3 Rd2 32.Rc1 Ne8 33.c4 bxc4 34.Rxc4 Rd1+ 35.Nf1 Nd6 36.Rc7+ Kf8
37.f3 Rd4 38.Rd7 Ke8 39.Rxg7 Rxb4 40.Ne3 Rb3 41.Ng4 Nf7 42.Rg6 Kd7 43.Rg7 Ke8
44.Rg6 Kd7 45.Nxh6 Nxh6 46.Rxh6 Rb5 47.h4 Rxa5 48.h5 b5 49.Rh7+ Kc6 50.h6 Ra1+
51.Kh2 Rd1 52.Rh8 Rd7 53.h7 Kd6 54.g4 b4 55.g5 b3 56.g6 Kc7 57.Rc8+ Kxc8
58.h8=Q+ Kb7 59.g7 Rd2+ 60.Kg3  1-0

[Event "2nd Livigno Open A"]
[Site "Livigno ITA"]
[Date "2011.09.13"]
[Round "3.25"]
[White "Zamengo,F"]
[Black "Franciosi,F"]
[Result "1/2-1/2"]
[WhiteElo "2002"]
[BlackElo "2069"]

1.e4 d6 2.d4 Nf6 3.Nc3 e5 4.dxe5 dxe5 5.Qxd8+ Kxd8 6.Bc4 Ke8 7.Nf3 Bd6 8.O-O a6
9.a4 b6 10.Re1 Nbd7 11.Nh4 g6 12.g3 Bb7 13.Ng2 h6 14.f3 Kf8 15.Ne3 Kg7 16.Ncd5 Rhd8  1/2-1/2

[Event "ch-Euro Youth g18"]
[Site "Albena BUL"]
[Date "2011.09.14"]
[Round "4.10"]
[White "Narva,T"]
[Black "Perera Borrego,M"]
[Result "1/2-1/2"]
[WhiteElo "2006"]
[BlackElo "2080"]

1.e4 d6 2.d4 Nf6 3.Nc3 e5 4.Nf3 Nbd7 5.Bc4 Be7 6.O-O O-O 7.Re1 c6 8.a4 a5
9.Ba2 exd4 10.Nxd4 Nc5 11.h3 Qb6 12.Nb3 Nxb3 13.Bxb3 Nd7 14.Be3 Nc5 15.Bd4 Be6
16.Bxe6 fxe6 17.Qg4 e5 18.Bxc5 Qxc5 19.Qe6+ Rf7 20.Re3 Kf8 21.Rf3 Rxf3 22.gxf3 Bh4
23.Rf1 Rd8 24.Qg4 Bf6 25.h4 Qb4 26.Nd1 g6 27.Kg2 Ke7 28.Rh1 Qc4 29.Ne3 Qe6
30.Qg3 d5 31.exd5 cxd5 32.Re1 Kf7 33.Ng4 Re8 34.f4 e4 35.Re3 Qc6 36.Nxf6 Qxf6
37.Rb3 Qc6 38.Rc3 Qd6 39.Rb3 Re7 40.Qg5 b6 41.h5 d4 42.hxg6+ Qxg6 43.Qxg6+ Kxg6
44.Rxb6+ Kf5 45.Rd6 Rg7+ 46.Kf1 Rc7 47.Rxd4 Rxc2 48.Rd5+ Kxf4 49.Rxa5 Rxb2
50.Rh5 Rb7 51.a5 Kg4 52.Rh6  1/2-1/2

[Event "ch-Euro Youth g16"]
[Site "Albena BUL"]
[Date "2011.09.14"]
[Round "4.19"]
[White "Alev,G"]
[Black "Unapkoshvili,N"]
[Result "0-1"]
[WhiteElo "1630"]
[BlackElo "1990"]

1.e4 d6 2.d4 Nf6 3.Nc3 e5 4.Nf3 Nbd7 5.Bc4 Be7 6.O-O O-O 7.Re1 c6 8.a4 b6
9.b3 Bb7 10.d5 cxd5 11.Nxd5 Bxd5 12.Bxd5 Nxd5 13.Qxd5 Qc7 14.Qd1 Rac8 15.Re2 Nc5
16.Nd2 Ne6 17.Nc4 Nd4 18.Re3 f5 19.exf5 Rxf5 20.Rd3 Rf7 21.Ba3 d5 22.Nxe5 Qxe5
23.Rxd4 Bxa3 24.Rxa3 Rxc2 25.Rd2 Rfc7 26.Rxc2 Rxc2 27.Ra1 Rd2 28.Qc1 h6 29.Qc8+ Kh7
30.Rf1 Rb2 31.Qh3 Qe4 32.Qc3 Rc2 33.Qh3 d4 34.Qd7 Rb2 35.Qxa7 Qd3 36.h3 Rxb3
37.Qd7 Qe4 38.Rd1 Rb1 39.Rxb1 Qxb1+ 40.Kh2 Qe4 41.Qb5 d3 42.Qd7 Qe5+ 43.Kg1 Qe1+
44.Kh2 Qe4 45.f3 Qc4 46.Qf5+ Kg8 47.Qd7 Qf4+ 48.Kh1 Qc4 49.Qe8+ Kh7 50.Qd7 h5
51.Kh2 Qf4+ 52.Kh1 Qe3 53.Qf5+ Kh6 54.f4 Qg3 55.Qe6+ Qg6 56.Qe3 Qd6 57.Qd2 Kg6
58.Kh2 Qd4 59.g4 hxg4 60.hxg4 Qc4 61.f5+ Kf6 62.Qe3 Qc7+ 63.Kh3 Qd6 64.Qd2 Qd4
65.Kh4 Ke5 66.Qe1+ Kd5 67.Qe6+ Kc5 68.Qb3 d2 69.Qd1 Qd3 70.Qg1+ Kc4 71.Qd1 Qc3
72.Qe2+ Kb3 73.Qe6+ Kb2 74.Qe2 Kc1  0-1

[Event "ch-Euro Youth b16"]
[Site "Albena BUL"]
[Date "2011.09.14"]
[Round "4.16"]
[White "Beradze,I"]
[Black "Nadirashvili,S"]
[Result "1-0"]
[WhiteElo "2294"]
[BlackElo "2035"]

1.e4 d6 2.d4 Nf6 3.Nc3 e5 4.Nf3 Nbd7 5.Bc4 Be7 6.O-O O-O 7.a4 a6 8.a5 b5
9.axb6 cxb6 10.Qe2 Bb7 11.dxe5 dxe5 12.Rd1 b5 13.Ba2 Qc7 14.Nd5 Nxd5 15.exd5 Bd6
16.Ng5 Nf6 17.Bb3 Rae8 18.Ne4 Nxe4 19.Qxe4 f5 20.Qh4 e4 21.Bf4 Kh8 22.g3 Rf6
23.Bxd6 Qxd6 24.Qf4 Qxf4 25.gxf4 Rg6+ 26.Kf1 Rh6 27.d6 Rxh2 28.d7 Rd8 29.Rd6 g5
30.fxg5 Kg7 31.Rad1 f4 32.R1d4 f3 33.Ke1 e3 34.fxe3 Rh1+ 35.Kf2 Rh2+ 36.Kg1 Rh1+
37.Kf2 Rh2+ 38.Kg3 Rg2+ 39.Kh4 Rh2+ 40.Kg4 Rg2+ 41.Kf5 Re2 42.Re6 f2 43.Re7+ Kf8
44.Rf7+ Kg8 45.Kg4 Kh8 46.Rdf4 h5+ 47.Kxh5 Rd2 48.Rf8+ Rxf8 49.Rxf8+ Kh7
50.Rf7+ Kh8 51.Kh6  1-0

[Event "2nd Zlatni Rat Open"]
[Site "Bol CRO"]
[Date "2011.09.14"]
[Round "6.4"]
[White "Orak,L"]
[Black "Markus,Rob"]
[Result "0-1"]
[WhiteElo "2308"]
[BlackElo "2635"]

1.e4 d6 2.d4 Nf6 3.Nc3 e5 4.Nf3 Nbd7 5.Bc4 Be7 6.O-O O-O 7.Re1 c6 8.a4 exd4
9.Nxd4 Ne5 10.Bf1 Re8 11.a5 Bf8 12.h3 Bd7 13.Be3 h6 14.Qd2 Qc7 15.f4 Ng6
16.Bd3 b5 17.axb6 axb6 18.Rxa8 Rxa8 19.Nf3 b5 20.Ne2 Rd8 21.f5 Ne5 22.Nxe5 dxe5
23.Ng3 c5 24.Qf2 Ra8 25.c4 Rb8 26.b3 bxc4 27.Bxc4 Bb5 28.Qc2 Qb7 29.Kf2 Be7
30.Kf3 h5 31.Nf1 Nxe4 32.Bxb5 Nf6+ 33.Kf2 Qxb5 34.Rc1 Nd5 35.Qc4 Qd7 36.Qd3 Qb7
37.Bxc5 Nf4 38.Qf3 Bxc5+ 39.Rxc5 Qa7  0-1

[Event "US Chess League 2011"]
[Site "ICC INT"]
[Date "2011.09.14"]
[Round "3"]
[White "Kiewra,K"]
[Black "Eckert,D"]
[Result "1-0"]
[WhiteElo "2368"]
[BlackElo "2246"]

1.e4 d6 2.d4 Nf6 3.Nc3 e5 4.Nf3 Nbd7 5.Bc4 Be7 6.O-O O-O 7.Bb3 exd4 8.Nxd4 Nc5
9.Re1 Nxb3 10.axb3 c6 11.Qf3 Kh8 12.h3 Be6 13.Nf5 Bxf5 14.Qxf5 Qd7 15.Qf3 a6
16.Bf4 Ne8 17.Rad1 f6 18.Rd3 Rd8 19.Red1 Qe6 20.Ne2 Qf7 21.c4 f5 22.e5 dxe5
23.Rxd8 Bxd8 24.Rxd8 exf4 25.Nxf4 g6 26.Qc3+ Ng7 27.Rd6 Kg8 28.Qd4 Re8 29.Rd7 Re7
30.Rd8+ Re8 31.g3 Ne6 32.Nxe6 Qxe6 33.Qd7 Qxd7 34.Rxd7 Re1+ 35.Kg2 Re2 36.Rxb7 Rxb2
37.Ra7 Rxb3 38.Rxa6 c5 39.Rc6 Kg7 40.Rxc5 Kf6 41.Rc8 Rc3 42.h4 h5 43.c5 Ke6
44.c6 f4 45.gxf4 Kf5 46.f3 Kxf4 47.c7 Rc2+ 48.Kh3  1-0

[Event "2nd Livigno Open A"]
[Site "Livigno ITA"]
[Date "2011.09.14"]
[Round "4.4"]
[White "Fedorchuk,S"]
[Black "Lazic,Mir"]
[Result "1/2-1/2"]
[WhiteElo "2635"]
[BlackElo "2463"]

1.e4 d6 2.d4 Nf6 3.Nc3 e5 4.Nf3 Nbd7 5.Bc4 Be7 6.O-O O-O 7.a4 a5 8.Qe2 c6
9.Rd1 Qb6 10.h3 exd4 11.Nxd4 Nc5 12.Nb3 Nxb3 13.Bxb3 Nd7 14.Be3 Nc5 15.f4 Be6
16.Ra3 Qb4 17.Rd4 Qb6 18.Rd2 Qb4 19.Rd4 Qb6 20.Rd1 Qb4 21.Rd4  1/2-1/2

[Event "2nd Livigno Open A"]
[Site "Livigno ITA"]
[Date "2011.09.14"]
[Round "4.21"]
[White "Bossi,A"]
[Black "Scalcione,M"]
[Result "0-1"]
[WhiteElo "2019"]
[BlackElo "2337"]

1.e4 d6 2.d4 Nf6 3.Nc3 c6 4.Nf3 Bg4 5.Be2 e6 6.Be3 d5 7.exd5 Bxf3 8.Bxf3 cxd5
9.O-O Nc6 10.Ne2 Bd6 11.c4 dxc4 12.Bxc6+ bxc6 13.Bg5 Bxh2+ 14.Kxh2 Ng4+ 15.Kg3 Qxg5
16.Qc1 Ne3+ 17.Kf3 Qf5+ 18.Kxe3 Qd3+ 19.Kf4 g5+ 20.Kxg5 Rg8+ 21.Kh4 Qxe2
22.Qf4 h5 23.f3 Rxg2 24.Kh3 h4 25.Rg1 Rg3+ 26.Rxg3 hxg3 27.Kxg3 O-O-O 28.Qxf7 Rxd4
29.Qg7 Rd2 30.Qh8+ Kb7 31.Rh1 Qf2+ 32.Kg4 Rd4+ 33.Kg5 Rd5+ 34.Kf6 Qd4+ 35.Kxe6 Qe3+  0-1

[Event "ch-Euro Youth b16"]
[Site "Albena BUL"]
[Date "2011.09.15"]
[Round "5.9"]
[White "Bagi,M"]
[Black "Ostovic,M"]
[Result "1/2-1/2"]
[WhiteElo "2309"]
[BlackElo "2293"]

1.e4 d6 2.d4 Nf6 3.Nc3 e5 4.Nf3 Nbd7 5.Bc4 Be7 6.O-O O-O 7.Re1 c6 8.a4 a5
9.h3 exd4 10.Nxd4 Nc5 11.Bf4 Be6 12.Bxe6 fxe6 13.Bh2 e5 14.Nf5 g6 15.Nxe7+ Qxe7
16.Qd2 Nh5 17.Rad1 Rad8 18.Qe3 Ne6 19.Ne2 Rf7 20.Rd2 Rdf8 21.Bg3 Nxg3 22.Nxg3  1/2-1/2

[Event "ch-Euro Youth b16"]
[Site "Albena BUL"]
[Date "2011.09.15"]
[Round "5.15"]
[White "Muskardin,M"]
[Black "Drozdowski,K"]
[Result "1/2-1/2"]
[WhiteElo "2182"]
[BlackElo "2306"]

1.e4 d6 2.d4 Nf6 3.Nc3 c6 4.f4 Qa5 5.e5 Ne4 6.Bd2 Nxd2 7.Qxd2 Bf5 8.Bd3 Bxd3
9.Qxd3 e6 10.Nf3 Qa6 11.Qe3 dxe5 12.Nxe5 Be7 13.f5 exf5 14.Rf1 O-O 15.Rxf5 f6
16.Nd3 Rf7 17.Qe6 c5 18.d5 g6 19.Rf3 Qxe6+ 20.dxe6 Rf8 21.Nd5 Nc6 22.Nxe7+ Nxe7
23.Nxc5 Rfc8 24.Nd7 f5 25.O-O-O Rc6 26.Re3 Kg7 27.c3 Re8 28.Kc2 f4 29.Re4 Nf5
30.Rde1 Ne3+ 31.Kb3 Nxg2 32.R1e2 f3 33.Rf2 Rexe6 34.Rxe6 Rxe6 35.Rxf3 Nh4
36.Rf4 Nf5 37.Ra4 Re7 38.Nc5 b6 39.Nd3 g5 40.Kc4 h5 41.Kd5 Kf6 42.Nf2 g4
43.Ne4+ Kg6 44.Kc6 Re5 45.Kc7 Re7+ 46.Kb8 a5 47.Rc4 h4 48.Nf2 g3 49.hxg3 hxg3
50.Nh1 Kg5 51.Nxg3 Nxg3 52.Rc6 Re2 53.Rxb6 Ne4 54.a4 Kf4 55.Ka7 Nc5 56.Rc6 Re7+
57.Kb6 Nxa4+ 58.Kxa5 Nxb2 59.Kb5 Ke5 60.Rh6 Rb7+  1/2-1/2

[Event "2nd Livigno Open A"]
[Site "Livigno ITA"]
[Date "2011.09.15"]
[Round "6.22"]
[White "Schwartz,Y"]
[Black "Franciosi,F"]
[Result "1/2-1/2"]
[WhiteElo "2252"]
[BlackElo "2069"]

1.e4 d6 2.d4 Nf6 3.Nc3 e5 4.Nge2 Be7 5.f3 O-O 6.Be3 exd4 7.Nxd4 d5 8.exd5 Nxd5
9.Nxd5 Qxd5 10.Bd3 Nc6 11.Nxc6 Qxc6 12.O-O Be6 13.Be4 Bh4 14.Bd3 Bc8  1/2-1/2

[Event "2nd Livigno Open A"]
[Site "Livigno ITA"]
[Date "2011.09.16"]
[Round "7.15"]
[White "Palit,S"]
[Black "Lazic,Mir"]
[Result "1/2-1/2"]
[WhiteElo "2363"]
[BlackElo "2463"]

1.e4 d6 2.d4 Nf6 3.Nc3 e5 4.Nf3 Nbd7 5.Bc4 Be7 6.O-O O-O 7.Re1 c6 8.a4 a5
9.Ba2 exd4 10.Nxd4 Nc5 11.Qf3 Qb6 12.Nf5 Bxf5 13.Qxf5 Rae8 14.Qf3 Nfd7 15.Bf4 Ne5
16.Qg3 Qxb2 17.Bxe5 dxe5 18.Bb3 Nd3 19.Qxd3 Rd8 20.Qf3 Bb4 21.Ne2 Bxe1 22.Rxe1 Rd2
23.Ng3 b5 24.axb5 cxb5 25.Nf5 a4 26.Qe3 Rd7 27.Qg5 g6 28.Nh6+ Kg7 29.Ng4 Rd6
30.Bd5 a3 31.Nh6 Qb4 32.Rf1 f6 33.Nf5+ Kh8 34.Qh6 Rd7 35.c3 Qc5 36.Nh4 Rg7
37.h3 f5 38.Qd2 Rd8 39.Qg5 Qe7 40.Qg3 Qf6 41.Nf3 fxe4 42.Bxe4 Qf4 43.Qxf4 exf4
44.Nd4 b4 45.Ne6 Rd6 46.Nxg7 b3 47.Ne8 Rd8 48.Nc7 a2 49.Ra1 Rd1+ 50.Rxd1 b2
51.Ne6 a1=Q 52.Bb1 Kg8 53.Nxf4 Qa4 54.Rd8+ Kg7 55.Ne2 Qa6 56.Rd2 Qa1 57.Rd1 Qa4
58.Re1 Qd7 59.Nd4 Kh6 60.g4 Qc7 61.Re3 Qa5 62.Ne6 Qa1 63.g5+ Kh5 64.Re1 h6
65.Kh2 Qa5 66.Re3 hxg5 67.Rg3 Qe5 68.Nxg5 Qe1 69.Bxg6+ Kxg6 70.Nf3+ Kh5 71.Nxe1 b1=Q
72.Ng2 Qe4 73.f4 Qc2 74.Re3 Kh6 75.Kg3 Qg6+ 76.Kf3 Qc6+ 77.Kf2 Qd5 78.Nh4 Qa2+
79.Re2 Qc4 80.Nf5+ Kh5 81.Nd4 Qxc3 82.Nf3 Kh6 83.Re6+ Kh5 84.Re5+ Kh6 85.Kg3 Qb3
86.Kg4 Qa2 87.Nh4 Qg8+ 88.Rg5 Qe6+ 89.Nf5+ Kh7 90.Rh5+ Kg8 91.Kg5 Qe2 92.Rh4 Qd3
93.Rh6 Qc2 94.Rg6+ Kh7 95.Rh6+ Kg8 96.Rg6+ Kh7 97.Nh4 Qc5+ 98.Kg4 Qg1+ 99.Kh5 Qf1
100.Ng2 Qf3+ 101.Rg4 Qxh3+ 102.Nh4  1/2-1/2

[Event "4th Mumbai Mayors Cup"]
[Site "Mumbai IND"]
[Date "2011.09.16"]
[Round "1"]
[White "Parnali,S"]
[Black "Dzhumaev,M"]
[Result "0-1"]
[WhiteElo "1815"]
[BlackElo "2492"]

1.e4 d6 2.d4 Nf6 3.Nc3 c6 4.h3 e5 5.Nf3 Nbd7 6.Be3 Be7 7.Qd2 O-O 8.g4 b5
9.g5 Nh5 10.d5 b4 11.Ne2 cxd5 12.Qxd5 Rb8 13.Nd2 Bb7 14.Qc4 a5 15.Bg2 Bxg5
16.Bxg5 Qxg5 17.Rg1 Rfc8 18.Qd3 Nf4 19.Nxf4 Qxf4 20.O-O-O Nc5 21.Qf3 Qxf3
22.Bxf3 Nd3+ 23.Kb1 Nxf2 24.Rdf1 Nxh3 25.Rg3 Nf4 26.Rfg1 g6 27.Nf1 a4 28.Ne3 b3
29.c3 bxa2+ 30.Kxa2 Kf8 31.Rd1 Ke7 32.Rgg1 Ba6 33.Rd2 a3 34.Kxa3 Rc7 35.Bd1 Ra7
36.b3 Bd3+ 37.Kb2 Bxe4  0-1